000 00803nas a2200265 4500
001 BR2011000788
003 BR-BrBNA
005 20231205114424.0
007 ta
008 230509b bl.|||p| |||| 00| 00por d
040 _aBR-BrBNA
_bpor
_cBiblioteca Nacional de Agricultura
041 _a(Pt)
072 _aH60
100 1 _aMatsumoto, R.S.
100 1 _aRibeiro, J.P.N.
100 1 _aTakao, L.K.
100 1 _aLima, M.I.S.
245 1 _aPotencial alelopático do extrato foliar de Annona glabra L. (Annonaceae)
650 _aANNONACEAE
650 _aALELOPATIA
650 _aCOMPETIÇÃO DE VARIEDADE
773 0 _tActa Botanica Brasilica (Brazil)
_xISSN 0102-3306
_g(Jul-Sep 2010), v. 24(3) p. 631-635
_wBR2011000788
909 _a202311
_bLúcia
_c55
_dLúcia Elande
942 _2AGRIS
_n0
_cANA
999 _c208695
_d208695